| 000 | 00491nam a22001577a 4500 | ||
|---|---|---|---|
| 005 | 20251202154400.0 | ||
| 008 | 251202b |||||||| |||| 00| 0 eng d | ||
| 020 | _a9780883855508 | ||
| 050 |
_aQA29 .M66 P37 _bP37 |
||
| 100 | _aParker, John | ||
| 245 |
_aR. L. Moore Mathematician and Teacher _cJohn Parker |
||
| 260 |
_aAmerica _bThe Mathematical Association of America _c2005 |
||
| 300 |
_axiv. 387p. _bill. _c23.5cm |
||
| 710 | _aThe Mathematical Association of America | ||
| 942 |
_2lcc _cBK _n0 |
||
| 999 |
_c8490 _d8490 |
||